Star Wars : Anatomie d'une saga (notice n° 1925267)

détails MARC
000 -LEADER
fixed length control field 01770cam a2200145 4500500
005 - DATE AND TIME OF LATEST TRANSACTION
control field 20260329023158.0
041 ## - LANGUAGE CODE
Language code of text/sound track or separate title fre
042 ## - AUTHENTICATION CODE
Authentication code dc
100 10 - MAIN ENTRY--PERSONAL NAME
Personal name Jullier, Laurent
Relator term author
245 00 - TITLE STATEMENT
Title Star Wars : Anatomie d'une saga
260 ## - PUBLICATION, DISTRIBUTION, ETC.
Name of publisher, distributor, etc. Armand Colin,<br/>
Date of publication, distribution, etc. 2015.<br/>
520 ## - SUMMARY, ETC.
Summary, etc. Star Wars, comme disent ses fans, c'est tellement plus que du cinéma. Il y a les romans, les jeux, les BD, les sites internet, les costumes, les encyclopédies sans parler du programme de la défense nationale des Etats-Unis. Certes ; mais surtout, Star Wars est un univers qui s'adopte et qu'on utilise à la manière d'un jeu de construction pour produire à son tour et aussi pour réfléchir à des questions importantes. Un style de vie, parfois. Ce livre entend essayer de comprendre comment une saga de six films a pu engendrer un tel phénomène d'appropriation. Quels sont les facteurs susceptibles d'expliquer, en partant des seules données audiovisuelles qui proviennent de l'écran, pareil investissement - en termes de temps, d'argent, de confiance et d'amour - dans un univers de science-fiction ? Pour répondre, il faut décortiquer les films et tes comparer aux classiques de l'histoire du cinéma, il faut mesurer la différence entre les chevaliers du Moyen Âge et les chevaliers Jedi, consulter les sites spécialisés, regarder les courts-métrages réalisés par les fans, analyser les hommages et les parodies et s'attendre à voir apparaître des résultats qui n'étaient pas ceux que l'on attendait. Un livre pour tous ceux et toutes celles qui ont envie de réfléchir à ce qui fait l'essence du cinéma populaire.
700 10 - ADDED ENTRY--PERSONAL NAME
Personal name Marié, Michel
Relator term author
856 41 - ELECTRONIC LOCATION AND ACCESS
Uniform Resource Identifier <a href="https://shs.cairn.info/star-wars--9782200611743?lang=fr&redirect-ssocas=7080">https://shs.cairn.info/star-wars--9782200611743?lang=fr&redirect-ssocas=7080</a>

Pas d'exemplaire disponible.

PLUDOC

PLUDOC est la plateforme unique et centralisée de gestion des bibliothèques physiques et numériques de Guinée administré par le CEDUST. Elle est la plus grande base de données de ressources documentaires pour les Étudiants, Enseignants chercheurs et Chercheurs de Guinée.

Adresse

627 919 101/664 919 101

25 boulevard du commerce
Kaloum, Conakry, Guinée

Réseaux sociaux

Powered by Netsen Group @ 2025